000 00505nam a2200181 i 4500
001 145218
003 ES-MaACL
005 20250804062747.0
007 t|
008 070214s1966 sp r ||||1| spa d
100 1 _aSouto Vilas, Manuel.
_9107597
245 1 0 _aFundamentos de FilosofĂ­a /
_cManuel Souto Vilas.
260 _aBilbao :
_bVita e Sapientia,
_c1966.
300 _a1 v. ;
_c22 cm.
650 0 7 _aFilosofĂ­a
_2embne
_912802
852 _aES-MaACL
_jP-1095
_bR.60440
999 _c145218
_d145218